[Event "DEM U12 2025"]
[Site "Willingen GER"]
[Date "2025.06.11"]
[Round "5"]
[White "Pradeep, Harshill"]
[Black "Beier, Martin"]
[Result "1-0"]
[Termination "normal"]
[Board "13"]
[WhiteElo "1936"]
[BlackElo "1781"]
[WhiteClock "00:01:40"]
[BlackClock "00:01:27"]
[PlyCount "81"]
[WhiteFideId "34629513"]
[BlackFideId "34631879"]
[EventCountry "GER"]
[EventRounds "9"]
[EventType "swiss"]
[EventDate "2025.06.07"]

1. e4 {[%clk 01:30:57]} {[%emt 00:00:02]} e6 {[%clk 01:30:55]} {[%emt
00:00:06]} 2. d4 {[%clk 01:31:23]} {[%emt 00:00:04]} d5 {[%clk 01:31:21]}
{[%emt 00:00:04]} 3. Nc3 {[%clk 01:31:40]} {[%emt 00:00:12]} Nf6 {[%clk
01:31:37]} {[%emt 00:00:15]} 4. Bg5 {[%clk 01:31:57]} {[%emt 00:00:12]} Be7
{[%clk 01:31:54]} {[%emt 00:00:13]} 5. e5 {[%clk 01:32:20]} {[%emt 00:00:07]}
Nfd7 {[%clk 01:31:50]} {[%emt 00:00:35]} 6. h4 {[%clk 01:31:38]} {[%emt
00:01:13]} h6 {[%clk 01:31:42]} {[%emt 00:00:38]} 7. Bxe7 {[%clk 01:31:50]}
{[%emt 00:00:17]} Qxe7 {[%clk 01:32:04]} {[%emt 00:00:08]} 8. f4 {[%clk
01:30:20]} {[%emt 00:01:59]} a6 {[%clk 01:30:53]} {[%emt 00:01:42]} 9. Qd2
{[%clk 01:30:13]} {[%emt 00:00:37]} c5 {[%clk 01:30:23]} {[%emt 00:00:59]} 10.
Nf3 {[%clk 01:30:22]} {[%emt 00:00:22]} Nc6 {[%clk 01:28:20]} {[%emt 00:02:32]}
11. g4 {[%clk 01:29:43]} {[%emt 00:01:09]} cxd4 {[%clk 01:26:49]} {[%emt
00:02:01]} 12. Nxd4 {[%clk 01:30:04]} {[%emt 00:00:09]} Qc5 {[%clk 01:25:39]}
{[%emt 00:01:40]} 13. Nb3 {[%clk 01:06:35]} {[%emt 00:23:59]} Qe7 {[%clk
01:24:56]} {[%emt 00:01:14]} 14. a4 {[%clk 00:44:24]} {[%emt 00:22:42]} Nc5
{[%clk 01:16:58]} {[%emt 00:08:27]} 15. Nd4 {[%clk 00:37:21]} {[%emt 00:07:34]}
f6 {[%clk 01:05:30]} {[%emt 00:11:57]} 16. O-O-O {[%clk 00:20:35]} {[%emt
00:17:15]} Bd7 {[%clk 00:55:27]} {[%emt 00:10:33]} 17. exf6 {[%clk 00:15:18]}
{[%emt 00:05:47]} Qxf6 {[%clk 00:50:34]} {[%emt 00:05:25]} 18. Nxc6 {[%clk
00:15:04]} {[%emt 00:00:44]} Bxc6 {[%clk 00:50:25]} {[%emt 00:00:39]} 19. g5
{[%clk 00:15:09]} {[%emt 00:00:25]} Qe7 {[%clk 00:48:06]} {[%emt 00:02:49]} 20.
Qd4 {[%clk 00:13:15]} {[%emt 00:02:24]} O-O-O {[%clk 00:43:57]} {[%emt
00:04:39]} 21. Bh3 {[%clk 00:12:12]} {[%emt 00:01:33]} hxg5 {[%clk 00:32:12]}
{[%emt 00:12:15]} 22. fxg5 {[%clk 00:11:22]} {[%emt 00:01:20]} Kb8 {[%clk
00:31:46]} {[%emt 00:00:56]} 23. Rhe1 {[%clk 00:11:17]} {[%emt 00:00:35]} Ka8
{[%clk 00:29:46]} {[%emt 00:02:30]} 24. Re5 {[%clk 00:07:12]} {[%emt 00:04:35]}
Qd6 {[%clk 00:28:00]} {[%emt 00:02:16]} 25. b4 {[%clk 00:05:03]} {[%emt
00:02:39]} Rxh4 {[%clk 00:23:56]} {[%emt 00:04:33]} 26. bxc5 {[%clk 00:04:07]}
{[%emt 00:01:27]} Qc7 {[%clk 00:20:40]} {[%emt 00:03:46]} 27. Qxh4 {[%clk
00:03:55]} {[%emt 00:00:43]} Qxe5 {[%clk 00:21:03]} {[%emt 00:00:06]} 28. Qd4
{[%clk 00:02:53]} {[%emt 00:01:32]} Qxg5+ {[%clk 00:20:49]} {[%emt 00:00:43]}
29. Kb1 {[%clk 00:02:22]} {[%emt 00:01:02]} e5 {[%clk 00:20:39]} {[%emt
00:00:40]} 30. Qb4 {[%clk 00:02:10]} {[%emt 00:00:42]} d4 {[%clk 00:20:19]}
{[%emt 00:00:48]} 31. Qa5 {[%clk 00:01:26]} {[%emt 00:01:16]} Rf8 {[%clk
00:19:32]} {[%emt 00:01:18]} 32. Nb5 {[%clk 00:00:58]} {[%emt 00:00:58]} Qh5
{[%clk 00:18:20]} {[%emt 00:01:41]} 33. Rd3 {[%clk 00:00:48]} {[%emt 00:00:40]}
e4 {[%clk 00:07:03]} {[%emt 00:11:47]} 34. Rb3 {[%clk 00:00:40]} {[%emt
00:00:39]} Bxb5 {[%clk 00:06:20]} {[%emt 00:01:13]} 35. axb5 {[%clk 00:00:58]}
{[%emt 00:00:11]} Qxc5 {[%clk 00:06:12]} {[%emt 00:00:38]} 36. Qe1 {[%clk
00:00:59]} {[%emt 00:00:29]} Re8 {[%clk 00:02:59]} {[%emt 00:03:43]} 37. bxa6
{[%clk 00:01:10]} {[%emt 00:00:20]} bxa6 {[%clk 00:02:56]} {[%emt 00:00:32]}
38. Bg2 {[%clk 00:01:15]} {[%emt 00:00:25]} Qe5 {[%clk 00:01:53]} {[%emt
00:01:33]} 39. Qb4 {[%clk 00:01:24]} {[%emt 00:00:22]} Qb5 {[%clk 00:01:19]}
{[%emt 00:01:02]} 40. Qxd4 {[%clk 00:01:40]} {[%emt 00:00:16]} Qe5 {[%clk
00:01:27]} {[%emt 00:00:21]} 41. Qb6 {[%emt 00:01:25]} 1-0

[Event "DEM U12 2025"]
[Site "Willingen GER"]
[Date "2025.06.11"]
[Round "5"]
[White "Zargaran, Sepas"]
[Black "Nain, Medhansh"]
[Result "1-0"]
[Termination "normal"]
[Board "14"]
[WhiteElo "1944"]
[BlackElo "1732"]
[WhiteClock "00:11:56"]
[BlackClock "00:12:21"]
[PlyCount "81"]
[WhiteFideId "34625275"]
[BlackFideId "34684875"]
[EventCountry "GER"]
[EventRounds "9"]
[EventType "swiss"]
[EventDate "2025.06.07"]

1. e4 {[%clk 01:30:59]} e5 {[%clk 01:30:59]} {[%emt 00:00:01]} 2. Nf3 {[%clk
01:31:20]} {[%emt 00:00:09]} Nc6 {[%clk 01:31:24]} {[%emt 00:00:05]} 3. Nc3
{[%clk 01:31:44]} {[%emt 00:00:06]} Nf6 {[%clk 01:31:29]} {[%emt 00:00:26]} 4.
h3 {[%clk 01:32:09]} {[%emt 00:00:05]} a6 {[%clk 01:31:23]} {[%emt 00:00:36]}
5. d4 {[%clk 01:31:30]} {[%emt 00:01:09]} Bb4 {[%clk 01:27:04]} {[%emt
00:04:48]} 6. Nxe5 {[%clk 01:27:22]} {[%emt 00:04:39]} Nxe4 {[%clk 01:25:59]}
{[%emt 00:01:34]} 7. Qg4 {[%clk 01:24:14]} {[%emt 00:03:38]} Nxc3 {[%clk
01:25:10]} {[%emt 00:01:20]} 8. Qxg7 {[%emt 00:01:26]} Ne4+ {[%clk 01:25:12]}
9. c3 {[%clk 01:23:05]} {[%emt 00:01:12]} Bxc3+ {[%clk 01:25:01]} {[%emt
00:00:41]} 10. bxc3 {[%clk 01:23:23]} {[%emt 00:00:11]} Qf6 {[%clk 01:25:23]}
{[%emt 00:00:09]} 11. Qxf6 {[%clk 01:22:41]} {[%emt 00:01:12]} Nxf6 {[%clk
01:25:41]} {[%emt 00:00:12]} 12. Nxc6 {[%clk 01:21:05]} {[%emt 00:02:06]} dxc6
{[%clk 01:24:27]} {[%emt 00:01:43]} 13. f3 {[%clk 01:21:06]} {[%emt 00:00:29]}
Be6 {[%clk 01:23:02]} {[%emt 00:01:55]} 14. Kf2 {[%clk 01:21:09]} {[%emt
00:00:27]} Kd7 {[%clk 01:21:21]} {[%emt 00:02:12]} 15. Bb2 {[%clk 01:17:57]}
{[%emt 00:03:42]} Rhe8 {[%clk 01:10:29]} {[%emt 00:11:21]} 16. c4 {[%clk
01:16:49]} {[%emt 00:01:39]} Ng8 {[%clk 01:07:57]} {[%emt 00:03:02]} 17. Rd1
{[%clk 01:15:07]} {[%emt 00:02:11]} Ne7 {[%clk 01:07:35]} {[%emt 00:00:53]} 18.
Be2 {[%clk 01:12:09]} {[%emt 00:03:29]} Rad8 {[%clk 00:59:33]} {[%emt
00:08:32]} 19. Rd2 {[%clk 01:12:04]} {[%emt 00:00:35]} Kc8 {[%clk 00:59:38]}
{[%emt 00:00:24]} 20. Rhd1 {[%clk 01:12:11]} {[%emt 00:00:22]} Rd7 {[%clk
00:47:26]} {[%emt 00:12:43]} 21. g4 {[%clk 01:11:32]} {[%emt 00:01:09]} Red8
{[%clk 00:46:28]} {[%emt 00:01:28]} 22. f4 {[%clk 01:06:39]} {[%emt 00:05:24]}
f5 {[%clk 00:46:44]} {[%emt 00:00:14]} 23. g5 {[%clk 01:07:03]} {[%emt
00:00:07]} Ng6 {[%clk 00:46:35]} {[%emt 00:00:38]} 24. Kg3 {[%clk 01:06:38]}
{[%emt 00:00:54]} Re8 {[%clk 00:46:04]} {[%emt 00:01:01]} 25. h4 {[%clk
01:06:19]} {[%emt 00:00:49]} Bf7 {[%clk 00:46:03]} {[%emt 00:00:31]} 26. Bd3
{[%clk 00:58:46]} {[%emt 00:08:03]} Be6 {[%clk 00:45:12]} {[%emt 00:01:21]} 27.
Bc2 {[%clk 00:51:50]} {[%emt 00:07:27]} Ne7 {[%clk 00:40:49]} {[%emt 00:04:53]}
28. Bb3 {[%clk 00:42:07]} {[%emt 00:10:12]} Bf7 {[%clk 00:26:54]} {[%emt
00:14:27]} 29. Re1 {[%clk 00:39:36]} {[%emt 00:03:01]} Ng6 {[%clk 00:26:30]}
{[%emt 00:00:54]} 30. Rxe8+ {[%clk 00:39:20]} {[%emt 00:00:47]} Bxe8 {[%clk
00:26:52]} {[%emt 00:00:07]} 31. h5 {[%clk 00:26:41]} {[%emt 00:13:09]} Ne7
{[%clk 00:24:30]} {[%emt 00:02:53]} 32. Kh4 {[%clk 00:24:33]} {[%emt 00:02:38]}
c5 {[%clk 00:22:58]} {[%emt 00:02:01]} 33. d5 {[%clk 00:24:00]} {[%emt
00:01:03]} b5 {[%clk 00:20:11]} {[%emt 00:03:17]} 34. Re2 {[%clk 00:19:40]}
{[%emt 00:04:50]} bxc4 {[%clk 00:14:58]} {[%emt 00:05:43]} 35. Ba4 {[%clk
00:18:12]} {[%emt 00:01:59]} Bf7 {[%clk 00:13:48]} {[%emt 00:01:39]} 36. Bxd7+
{[%clk 00:17:03]} {[%emt 00:01:39]} Kxd7 {[%clk 00:14:11]} {[%emt 00:00:08]}
37. g6 {[%clk 00:14:30]} {[%emt 00:03:02]} Bg8 {[%clk 00:12:34]} {[%emt
00:02:07]} 38. Rd2 {[%clk 00:12:18]} {[%emt 00:02:42]} hxg6 {[%clk 00:11:44]}
{[%emt 00:01:20]} 39. h6 {[%clk 00:12:36]} {[%emt 00:00:12]} Bh7 {[%clk
00:11:57]} {[%emt 00:00:18]} 40. Kg5 {[%clk 00:12:21]} {[%emt 00:00:45]} Ng8
{[%clk 00:12:21]} {[%emt 00:00:06]} 41. Be5 {[%clk 00:11:56]} {[%emt 00:00:54]}
1-0

[Event "DEM U12 2025"]
[Site "Willingen GER"]
[Date "2025.06.11"]
[Round "5"]
[White "Hamann, Friedrich"]
[Black "Varazi, Maxime"]
[Result "0-1"]
[Termination "normal"]
[Board "15"]
[WhiteElo "1822"]
[BlackElo "1775"]
[WhiteClock "00:23:54"]
[BlackClock "00:47:52"]
[PlyCount "100"]
[WhiteFideId "34622829"]
[BlackFideId "34618929"]
[EventCountry "GER"]
[EventRounds "9"]
[EventType "swiss"]
[EventDate "2025.06.07"]

1. e4 {[%clk 01:30:58]} {[%emt 00:00:01]} e5 {[%clk 01:30:52]} {[%emt
00:00:09]} 2. Nf3 {[%clk 01:31:05]} {[%emt 00:00:23]} Nc6 {[%clk 01:31:14]}
{[%emt 00:00:08]} 3. Bc4 {[%clk 01:31:07]} {[%emt 00:00:28]} Nf6 {[%clk
01:31:36]} {[%emt 00:00:07]} 4. d3 {[%clk 01:30:30]} {[%emt 00:01:08]} Be7
{[%clk 01:31:51]} {[%emt 00:00:15]} 5. Nc3 {[%clk 01:24:57]} {[%emt 00:06:02]}
d6 {[%clk 01:31:51]} {[%emt 00:00:29]} 6. a4 {[%clk 01:23:58]} {[%emt
00:01:30]} Bg4 {[%clk 01:30:18]} {[%emt 00:02:03]} 7. h3 {[%clk 01:22:30]}
{[%emt 00:01:57]} Bh5 {[%clk 01:27:05]} {[%emt 00:03:43]} 8. Be3 {[%clk
01:21:47]} {[%emt 00:01:15]} O-O {[%clk 01:26:02]} {[%emt 00:01:33]} 9. O-O
{[%clk 01:20:30]} {[%emt 00:01:46]} Qd7 {[%clk 01:23:40]} {[%emt 00:02:53]} 10.
a5 {[%clk 01:06:44]} {[%emt 00:14:15]} a6 {[%clk 01:23:02]} {[%emt 00:01:08]}
11. Nd5 {[%clk 00:59:34]} {[%emt 00:07:40]} Kh8 {[%clk 01:20:40]} {[%emt
00:02:50]} 12. Nxf6 {[%clk 00:48:07]} {[%emt 00:11:58]} gxf6 {[%clk 01:19:06]}
{[%emt 00:02:04]} 13. Kh2 {[%clk 00:46:14]} {[%emt 00:02:23]} Rg8 {[%clk
01:18:56]} {[%emt 00:00:41]} 14. Rg1 {[%clk 00:43:40]} {[%emt 00:03:04]} f5
{[%clk 00:56:38]} {[%emt 00:22:49]} 15. exf5 {[%clk 00:33:43]} {[%emt
00:10:28]} d5 {[%clk 00:56:24]} {[%emt 00:00:42]} 16. Bb3 {[%clk 00:27:38]}
{[%emt 00:06:39]} d4 {[%clk 00:46:04]} {[%emt 00:10:50]} 17. Bd2 {[%clk
00:24:40]} {[%emt 00:03:24]} Bd6 {[%clk 00:45:49]} {[%emt 00:00:47]} 18. Kh1
{[%clk 00:21:51]} {[%emt 00:03:19]} Qxf5 {[%clk 00:44:13]} {[%emt 00:02:06]}
19. Nh4 {[%clk 00:15:24]} {[%emt 00:06:58]} Bxd1 {[%clk 00:38:11]} {[%emt
00:06:31]} 20. Nxf5 {[%clk 00:15:47]} {[%emt 00:00:07]} Bh5 {[%clk 00:38:28]}
{[%emt 00:00:13]} 21. g4 {[%clk 00:15:19]} {[%emt 00:00:58]} Bg6 {[%clk
00:38:21]} {[%emt 00:00:36]} 22. Bg5 {[%clk 00:12:51]} {[%emt 00:02:59]} Rge8
{[%clk 00:30:25]} {[%emt 00:08:25]} 23. Bf6+ {[%clk 00:12:07]} {[%emt
00:01:15]} Kg8 {[%clk 00:30:22]} {[%emt 00:00:33]} 24. Nh6+ {[%clk 00:06:35]}
{[%emt 00:06:01]} Kf8 {[%clk 00:30:41]} {[%emt 00:00:11]} 25. h4 {[%clk
00:05:44]} {[%emt 00:01:23]} Be7 {[%clk 00:27:45]} {[%emt 00:03:24]} 26. Bxe7+
{[%clk 00:04:24]} {[%emt 00:01:52]} Rxe7 {[%clk 00:23:20]} {[%emt 00:04:55]}
27. h5 {[%clk 00:04:12]} {[%emt 00:00:41]} Kg7 {[%clk 00:23:38]} {[%emt
00:00:12]} 28. g5 {[%clk 00:03:02]} {[%emt 00:01:41]} Bxh5 {[%clk 00:23:16]}
{[%emt 00:00:52]} 29. Nf5+ {[%clk 00:03:25]} {[%emt 00:00:06]} Kg6 {[%clk
00:23:28]} {[%emt 00:00:19]} 30. Nxe7+ {[%clk 00:03:46]} {[%emt 00:00:10]} Nxe7
{[%clk 00:23:53]} {[%emt 00:00:04]} 31. Rae1 {[%clk 00:01:48]} {[%emt
00:02:28]} Kf5 {[%clk 00:22:38]} {[%emt 00:01:44]} 32. Kh2 {[%clk 00:01:28]}
{[%emt 00:00:51]} Rf8 {[%clk 00:21:10]} {[%emt 00:01:57]} 33. Kg2 {[%clk
00:01:09]} {[%emt 00:00:50]} Ng6 {[%clk 00:21:01]} {[%emt 00:00:30]} 34. Kf1
{[%clk 00:00:56]} {[%emt 00:00:52]} Nf4 {[%clk 00:21:22]} {[%emt 00:00:09]} 35.
Re4 {[%clk 00:00:57]} {[%emt 00:00:29]} Bf3 {[%clk 00:21:30]} {[%emt 00:00:21]}
36. Re1 {[%clk 00:01:00]} {[%emt 00:00:28]} b6 {[%clk 00:17:45]} {[%emt
00:04:15]} 37. Rg3 {[%clk 00:00:59]} {[%emt 00:00:31]} Bh5 {[%clk 00:17:45]}
{[%emt 00:00:30]} 38. axb6 {[%clk 00:01:12]} {[%emt 00:00:18]} cxb6 {[%clk
00:18:10]} {[%emt 00:00:05]} 39. f3 {[%clk 00:01:12]} {[%emt 00:00:30]} b5
{[%clk 00:17:57]} {[%emt 00:00:43]} 40. Kf2 {[%clk 00:01:12]} {[%emt 00:00:29]}
a5 {[%clk 00:18:05]} {[%emt 00:00:22]} 41. Rh1 {[%clk 00:23:54]} {[%emt
00:07:47]} Rc8 {[%clk 00:47:52]} {[%emt 00:00:42]} 42. Kf1 {[%clk 00:09:12]}
{[%emt 00:15:13]} a4 {[%clk 00:48:15]} {[%emt 00:00:08]} 43. Bd5 {[%clk
00:08:54]} {[%emt 00:00:48]} Rxc2 {[%clk 00:47:27]} {[%emt 00:01:18]} 44. Be4+
{[%clk 00:09:15]} {[%emt 00:00:08]} Ke6 {[%clk 00:47:51]} {[%emt 00:00:06]} 45.
Rxh5 {[%clk 00:02:44]} {[%emt 00:07:02]} Nxh5 {[%clk 00:47:57]} {[%emt
00:00:25]} 46. Rg2 {[%clk 00:03:08]} {[%emt 00:00:06]} Rc1+ {[%clk 00:47:33]}
{[%emt 00:00:54]} 47. Kf2 {[%clk 00:03:22]} {[%emt 00:00:15]} Nf4 {[%clk
00:47:02]} {[%emt 00:00:59]} 48. Rh2 {[%clk 00:03:13]} {[%emt 00:00:40]} Rc2+
{[%clk 00:47:08]} {[%emt 00:00:24]} 49. Kg3 {[%clk 00:03:31]} {[%emt 00:00:13]}
Rxh2 50. Kxh2 {[%clk 00:03:59]} Nd5 {[%clk 00:46:49]} {[%emt 00:00:22]} 0-1

[Event "DEM U12 2025"]
[Site "Willingen GER"]
[Date "2025.06.11"]
[Round "5"]
[White "Shalovylo, Matvii"]
[Black "Gao, Chenzhuo"]
[Result "1-0"]
[Termination "normal"]
[Board "16"]
[WhiteElo "1788"]
[BlackElo "1707"]
[WhiteClock "00:02:22"]
[BlackClock "00:03:09"]
[PlyCount "88"]
[WhiteFideId "41846516"]
[BlackFideId "34668608"]
[EventCountry "GER"]
[EventRounds "9"]
[EventType "swiss"]
[EventDate "2025.06.07"]

1. d4 {[%clk 01:30:59]} {[%emt 00:00:01]} Nf6 {[%clk 01:30:53]} {[%emt
00:00:08]} 2. c4 {[%clk 01:31:21]} {[%emt 00:00:08]} g6 {[%clk 01:31:13]}
{[%emt 00:00:09]} 3. Nc3 {[%clk 01:31:45]} {[%emt 00:00:07]} d5 {[%clk
01:31:23]} {[%emt 00:00:19]} 4. e3 {[%clk 01:31:40]} {[%emt 00:00:35]} Bg7
{[%clk 01:31:23]} {[%emt 00:00:31]} 5. Nf3 {[%clk 01:32:00]} {[%emt 00:00:08]}
O-O {[%clk 01:31:05]} {[%emt 00:00:48]} 6. Be2 {[%clk 01:31:43]} {[%emt
00:00:48]} c5 {[%clk 01:29:26]} {[%emt 00:02:10]} 7. O-O {[%clk 01:31:13]}
{[%emt 00:00:59]} Nc6 {[%clk 01:27:27]} {[%emt 00:02:28]} 8. b3 {[%clk
01:29:57]} {[%emt 00:01:46]} cxd4 {[%clk 01:25:46]} {[%emt 00:02:11]} 9. exd4
{[%clk 01:28:28]} {[%emt 00:01:58]} Bg4 {[%clk 01:25:07]} {[%emt 00:01:11]} 10.
Be3 {[%clk 01:25:24]} {[%emt 00:03:33]} Qa5 {[%clk 01:22:33]} {[%emt 00:03:04]}
11. Qc2 {[%clk 01:08:59]} {[%emt 00:16:54]} Rfd8 {[%clk 01:16:29]} {[%emt
00:06:34]} 12. Rfd1 {[%clk 00:59:45]} {[%emt 00:09:44]} Rac8 {[%clk 01:11:31]}
{[%emt 00:05:25]} 13. Qb2 {[%clk 00:51:50]} {[%emt 00:08:28]} a6 {[%clk
00:59:10]} {[%emt 00:12:51]} 14. Rac1 {[%clk 00:44:57]} {[%emt 00:07:21]} Qc7
{[%clk 00:45:56]} {[%emt 00:13:46]} 15. h3 {[%clk 00:41:30]} {[%emt 00:03:55]}
Bf5 {[%clk 00:42:47]} {[%emt 00:03:41]} 16. Na4 {[%clk 00:29:07]} {[%emt
00:12:52]} h5 {[%clk 00:37:44]} {[%emt 00:05:36]} 17. c5 {[%clk 00:25:22]}
{[%emt 00:04:15]} Nd7 {[%clk 00:35:20]} {[%emt 00:02:54]} 18. b4 {[%clk
00:23:47]} {[%emt 00:02:05]} e5 {[%clk 00:29:40]} {[%emt 00:06:11]} 19. Qb3
{[%clk 00:21:59]} {[%emt 00:02:19]} Be6 {[%clk 00:28:15]} {[%emt 00:01:54]} 20.
a3 {[%clk 00:17:49]} {[%emt 00:04:41]} Rf8 {[%clk 00:21:51]} {[%emt 00:06:53]}
21. h4 {[%clk 00:13:06]} {[%emt 00:05:14]} f6 {[%clk 00:17:52]} {[%emt
00:04:29]} 22. g3 {[%clk 00:11:45]} {[%emt 00:01:50]} Ne7 {[%clk 00:15:47]}
{[%emt 00:02:35]} 23. Kg2 {[%clk 00:09:42]} {[%emt 00:02:33]} Rcd8 {[%clk
00:14:36]} {[%emt 00:01:41]} 24. b5 {[%clk 00:08:12]} {[%emt 00:02:00]} axb5
{[%clk 00:14:02]} {[%emt 00:01:05]} 25. Qxb5 {[%clk 00:08:16]} {[%emt
00:00:25]} Bf5 {[%clk 00:12:41]} {[%emt 00:01:51]} 26. Nb6 {[%clk 00:07:30]}
{[%emt 00:01:16]} Nb8 {[%clk 00:10:30]} {[%emt 00:02:41]} 27. Qb3 {[%clk
00:05:22]} {[%emt 00:02:38]} Kh8 {[%clk 00:08:53]} {[%emt 00:02:07]} 28. dxe5
{[%clk 00:02:17]} {[%emt 00:03:36]} fxe5 {[%clk 00:09:01]} {[%emt 00:00:22]}
29. Nxd5 {[%clk 00:02:10]} {[%emt 00:00:36]} Nxd5 {[%clk 00:08:41]} {[%emt
00:00:50]} 30. Rxd5 {[%clk 00:01:44]} {[%emt 00:00:56]} Be6 {[%clk 00:07:35]}
{[%emt 00:01:36]} 31. Bc4 {[%clk 00:01:44]} {[%emt 00:00:29]} Bxd5 {[%clk
00:06:14]} {[%emt 00:01:51]} 32. Bxd5 {[%clk 00:02:08]} {[%emt 00:00:05]} Bf6
{[%clk 00:04:23]} {[%emt 00:02:22]} 33. c6 {[%clk 00:00:50]} {[%emt 00:01:48]}
bxc6 {[%clk 00:01:12]} {[%emt 00:03:41]} 34. Bb6 {[%clk 00:00:54]} {[%emt
00:00:26]} Qb7 {[%clk 00:00:58]} {[%emt 00:00:36]} 35. Bxd8 {[%clk 00:01:06]}
{[%emt 00:00:26]} Qxb3 {[%clk 00:01:23]} {[%emt 00:00:05]} 36. Bxf6+ {[%clk
00:01:20]} {[%emt 00:00:16]} Rxf6 {[%clk 00:01:52]} 37. Bxb3 {[%clk 00:01:41]}
{[%emt 00:00:09]} e4 {[%clk 00:02:04]} {[%emt 00:00:18]} 38. Ng5 {[%clk
00:02:03]} {[%emt 00:00:09]} Kg7 {[%clk 00:01:50]} {[%emt 00:00:44]} 39. Re1
{[%clk 00:02:14]} {[%emt 00:00:19]} Na6 {[%clk 00:02:00]} {[%emt 00:00:19]} 40.
Bc4 {[%clk 00:02:05]} {[%emt 00:00:39]} Nc5 {[%clk 00:02:11]} {[%emt 00:00:19]}
41. Nxe4 {[%clk 00:02:05]} {[%emt 00:00:30]} Nxe4 {[%clk 00:02:33]} {[%emt
00:00:07]} 42. Rxe4 {[%clk 00:02:30]} {[%emt 00:00:06]} Rf5 {[%clk 00:02:26]}
{[%emt 00:00:36]} 43. Re7+ {[%clk 00:02:19]} {[%emt 00:00:41]} Kf8 {[%clk
00:02:48]} {[%emt 00:00:08]} 44. Rc7 {[%clk 00:02:22]} {[%emt 00:00:18]} Ra5
{[%clk 00:03:09]} {[%emt 00:00:19]} 1-0

[Event "DEM U12 2025"]
[Site "Willingen GER"]
[Date "2025.06.11"]
[Round "5"]
[White "Fels, Mattis"]
[Black "Moskalenko, Michael"]
[Result "0-1"]
[Termination "normal"]
[Board "17"]
[WhiteElo "1758"]
[BlackElo "1720"]
[WhiteClock "00:32:51"]
[BlackClock "00:37:15"]
[PlyCount "50"]
[WhiteFideId "34623795"]
[BlackFideId "34608877"]
[EventCountry "GER"]
[EventRounds "9"]
[EventType "swiss"]
[EventDate "2025.06.07"]

1. d4 {[%clk 01:30:59]} Nf6 {[%clk 01:30:55]} {[%emt 00:00:06]} 2. Nc3 {[%clk
01:31:25]} {[%emt 00:00:03]} d5 {[%clk 01:31:22]} {[%emt 00:00:04]} 3. Bf4
{[%clk 01:31:52]} {[%emt 00:00:02]} c5 {[%clk 01:31:48]} {[%emt 00:00:04]} 4.
e3 {[%clk 01:32:17]} {[%emt 00:00:05]} Bg4 {[%clk 01:32:14]} {[%emt 00:00:03]}
5. Be2 {[%clk 01:32:31]} {[%emt 00:00:17]} Bxe2 {[%clk 01:32:21]} {[%emt
00:00:24]} 6. Qxe2 {[%clk 01:32:59]} {[%emt 00:00:02]} Nbd7 {[%clk 01:32:25]}
{[%emt 00:00:25]} 7. O-O-O {[%clk 01:30:57]} {[%emt 00:02:32]} e6 {[%clk
01:30:51]} {[%emt 00:02:05]} 8. Nb5 {[%clk 01:24:19]} {[%emt 00:07:09]} Rc8
{[%clk 01:29:49]} {[%emt 00:01:31]} 9. Nxa7 {[%emt 00:01:07]} Ra8 {[%emt
00:00:43]} 10. Nb5 {[%clk 01:22:14]} {[%emt 00:00:45]} Rc8 {[%clk 01:30:00]}
{[%emt 00:00:19]} 11. g4 {[%clk 01:07:35]} {[%emt 00:15:08]} h6 {[%clk
01:27:45]} {[%emt 00:02:46]} 12. h4 {[%clk 01:07:15]} {[%emt 00:00:50]} Qb6
{[%clk 01:20:53]} {[%emt 00:07:22]} 13. Nh3 {[%clk 01:03:00]} {[%emt 00:04:44]}
c4 {[%clk 01:18:35]} {[%emt 00:02:48]} 14. Nc3 {[%clk 01:01:32]} {[%emt
00:01:57]} Bb4 {[%clk 01:16:27]} {[%emt 00:02:39]} 15. Nb1 {[%clk 00:48:35]}
{[%emt 00:13:27]} c3 {[%clk 01:10:24]} {[%emt 00:06:33]} 16. b3 {[%clk
00:47:57]} {[%emt 00:01:08]} Ra8 {[%clk 00:55:17]} {[%emt 00:15:36]} 17. Qd3
{[%clk 00:40:35]} {[%emt 00:07:52]} Rxa2 {[%clk 00:52:26]} {[%emt 00:03:22]}
18. Nxc3 {[%clk 00:40:37]} {[%emt 00:00:28]} Qa5 {[%clk 00:41:39]} {[%emt
00:11:17]} 19. Na4 {[%clk 00:34:56]} {[%emt 00:06:11]} b5 {[%clk 00:38:08]}
{[%emt 00:04:01]} 20. c3 {[%clk 00:33:07]} {[%emt 00:02:22]} bxa4 {[%clk
00:36:47]} {[%emt 00:01:50]} 21. cxb4 {[%clk 00:33:30]} {[%emt 00:00:07]} Qxb4
{[%clk 00:37:03]} {[%emt 00:00:14]} 22. Rd2 {[%clk 00:33:02]} {[%emt 00:00:57]}
Ra1+ {[%clk 00:36:37]} {[%emt 00:00:54]} 23. Kb2 {[%clk 00:32:14]} {[%emt
00:01:20]} Qa3+ {[%clk 00:36:35]} {[%emt 00:00:32]} 24. Kc2 {[%clk 00:32:24]}
{[%emt 00:00:21]} Qa2+ {[%clk 00:36:56]} {[%emt 00:00:08]} 25. Kc3 {[%clk
00:32:51]} {[%emt 00:00:02]} Qxb3# {[%clk 00:37:15]} {[%emt 00:00:12]} 0-1